Staying with the Trouble (Record no. 1728)
[ view plain ]
| 000 -LEADER | |
|---|---|
| campo de control de longitud fija | 00958nam a2200145 4500 |
| 008 - DATOS DE LONGITUD FIJA--INFORMACIÓN GENERAL | |
| campo de control de longitud fija | 599.95 H254s |
| 020 ## - NÚMERO INTERNACIONAL ESTÁNDAR DEL LIBRO | |
| Número Internacional Estándar del Libro | 9780822362241 |
| 082 ## - NÚMERO DE LA CLASIFICACIÓN DECIMAL DEWEY | |
| Número de clasificación | 599.95 |
| Número de ítem | H254s |
| 100 ## - ENTRADA PRINCIPAL--NOMBRE DE PERSONA | |
| Nombre de persona | Haraway, Donna J. |
| 9 (RLIN) | 6913 |
| 245 ## - MENCIÓN DEL TÍTULO | |
| Título | Staying with the Trouble |
| Resto del título | Making Kin in the Chthulucene |
| 260 ## - PUBLICACIÓN, DISTRIBUCIÓN, ETC. | |
| Lugar de publicación, distribución, etc. | Estados Unidos |
| Nombre del editor, distribuidor, etc. | Duke University Press |
| Fecha de publicación, distribución, etc. | 2016 |
| 300 ## - DESCRIPCIÓN FÍSICA | |
| Extensión | 296 p. |
| Otras características físicas | ill (col) |
| Dimensiones | 23 x 15 cm |
| 505 ## - NOTA DE CONTENIDO CON FORMATO | |
| Título | Introduction |
| -- | 1. Playing string figures with companion species |
| -- | 2. Tentacular thinking: Anthropocene, Capitalocene, Chthulucene |
| -- | 3. Sympoiesis: Symbiogenesis and the Lively Arts of Staying with the Trouble |
| -- | 4. Making Kin: Anthropocene, Capitalocene, Plantationocene, Chthulucene |
| -- | 5. Awash in Urine: DES and Premarin in Multispecies Response-ability |
| -- | 6. Sowing Worlds: A Seed Bag for Terraforming with Earth Others |
| -- | 7. A Curious Practice |
| -- | 8. The Camille Stories: Children of Compost |
| 650 ## - PUNTO DE ACCESO ADICIONAL DE MATERIA--TÉRMINO DE MATERIA | |
| Subdivisión general | ecología |
| -- | relaciones humanas-animales |
| -- | mamíferos |
| -- | ambiente-psicología |
| 9 (RLIN) | 6914 |
| Estatus retirado | Estado de pérdida | Fuente del sistema de clasificación o colocación | Estado de daño | No para préstamo | Biblioteca de origen | Biblioteca actual | Ubicación en estantería | Fecha de adquisición | Total de préstamos | Signatura topográfica completa | Código de barras | Visto por última vez | Precio de reemplazo | Tipo de ítem Koha |
|---|---|---|---|---|---|---|---|---|---|---|---|---|---|---|
| Clasificación Decimal Dewey | Biblioteca LadoV | Biblioteca LadoV | 21/02/2019 | 599.95 H254s | 004682 | 21/02/2019 | 21/02/2019 | Material 01 |
